| 000 | 00740nam a2200253 a 4500 | ||
|---|---|---|---|
| 001 | 53176 | ||
| 003 | BD-RjUL | ||
| 005 | 20211209075924.0 | ||
| 008 | 161003s1986 nyua b 001 0 eng | ||
| 020 | _a0471821713 | ||
| 035 | _a(BD-RjUL)53296 | ||
| 040 |
_aDLC _cDLC _dBD-RjUL _beng |
||
| 041 | _aeng | ||
| 082 | 0 | 0 |
_a622.334 _223 _bPEC 1986 |
| 100 | 1 |
_aPeng, Syd S. _d1939- _9158962 |
|
| 245 | 1 | 0 |
_aCoal mine ground control / _cSyd S. Peng. |
| 250 | _a2nd ed. | ||
| 260 |
_aNew York : _bJohn Wiley & Sons, _cc1986. |
||
| 300 |
_axi, 491 p. : _bill. ; _c24 cm. |
||
| 504 | _aIncludes indexes andBibliography | ||
| 650 | 0 |
_aGround control (Mining) _9158963 |
|
| 650 | 0 |
_aCoal mines and mining _xSafety measures. _9158964 |
|
| 942 |
_2ddc _cBK |
||
| 999 |
_c53176 _d53176 |
||